Greek to Roman Gods - Click Quiz - Statistics

General Stats
  • This quiz has been taken 588 times
  • The average score is 18 of 25
Answer Stats
Hint Answer % Correct
Apollo Apollo
92%
Neptune Poseidon
88%
Venus Aphrodite
86%
Jupiter Zeus
85%
Mars Ares
84%
Cupid Eros
84%
Bacchus Dionysus
80%
Proserpina Persephone
79%
Pluto Hades
78%
Vulcan Hephaestus
78%
Minerva Athena
77%
Sol Helios
77%
Juno Hera
77%
Terra Gaia
75%
Mercury Hermes
75%
Faunus Pan
75%
Diana Artemis
73%
Victoria Nike
67%
Vesta Hestia
65%
Luna Selene
65%
Saturn Cronos
61%
Ceres Demeter
58%
Juventas Hebe
46%
Ops Rhea
44%
Caelum Uranus
41%
No matching quizzes found
Score Distribution
Percent of People with Each Score
Percentile by Number Answered
Your Score History
You have not taken this quiz